ŁKA - Wszystkie Stacje i Przystanki Kolejowe - Statystyki

Ogólne statystyki
  • Ten quiz został rozwiązany 52 razy
  • Średni wynik to 57 z 199
Statystyki odpowiedzi
Numer linii Stacja/Przystanek % Poprawnych
16/17/540/541 Łódź Widzew
97%
14/15/25 Łódź Kaliska
92%
17 Łódź Fabryczna
86%
1/11 Skierniewice
86%
14 Zduńska Wola
86%
15/16 Zgierz
86%
1/17/534 Koluszki
83%
3/16 Kutno
83%
14 Pabianice
81%
14 Sieradz
81%
1 Piotrków Trybunalski
75%
22/25/53 Tomaszów Mazowiecki
75%
14 Łask
72%
25/540 Łódź Chojny
72%
16 Łódź Radogoszcz Wschód
72%
1 Lipce Reymontowskie
69%
540 Łódź Dąbrowa
69%
15 Łódź Radogoszcz Zachód
67%
22 Drzewica
64%
14 Łódź Retkinia
64%
15 Łódź Żabieniec
64%
3/11 Łowicz Główny
64%
1 Radomsko
64%
17 Łódź Niciarniana
61%
25 Łódź Pabianicka
61%
16 Ozorków
61%
8/25 Skarżysko-Kamienna
61%
1/2 Warszawa Centralna
61%
1 Częstochowa
58%
17 Łódź Andrzejów
58%
25 Opoczno
58%
1 Rogów
58%
2 Warszawa Wschodnia
58%
1 Warszawa Zachodnia
58%
15 Głowno
56%
16 Łęczyca
56%
16 Łódź Warszawska
56%
14 Kalisz
53%
25 Końskie
53%
14 Łódź Lublinek
53%
25 Łódź Olechów Zachód
53%
541 Łódź Andrzejów Szosa
50%
25 Łódź Olechów Wiadukt
50%
25 Łódź Olechów Wschód
50%
272 Poznań Główny
50%
16 Zgierz Północ
50%
17/25 Bedoń
47%
8 Kielce Główne
47%
16 Łódź Stoki
47%
15 Stryków
47%
17/25 Gałkówek
44%
540 Łódź Zarzew
44%
14/272 Ostrów Wielkopolski
44%
16 Łódź Marysin
42%
22 Radom Główny
42%
17/25 Justynów
39%
16 Łódź Arturówek
39%
15 Łowicz Przedmieście
39%
14 Pabianice Północne
39%
16 Zgierz Kontrewers
39%
14 Sieradz Męka
36%
1 Baby
33%
14 Dobroń
33%
1 Kamieńsk
33%
272 Środa Wielkopolska
33%
14 Nowe Skalmierzyce
31%
16 Ozorków Nowe Miasto
31%
14 Sieradz Warta
31%
17 Żakowice
31%
25 Żakowice Południowe
31%
131 Zduńska Wola Karsznice
31%
16 Zgierz Jaracza
31%
14 Chechło
28%
272 Jarocin
28%
272 Pleszew
28%
1 Rokiciny
28%
8 Suchedniów
28%
16 Witonia
28%
11 Bełchów
25%
14 Męcka Wola
25%
14 Opatówek
25%
1 Przyłęk Duży
25%
22 Przysucha
25%
1 Rozprza
25%
3 Żychlin
25%
14 Kolumna
22%
1 Maków
22%
1 Płyćwia
22%
25 Skarzysko Milica
22%
8 Skarżysko Zachodnie
22%
53 Spała
22%
25 Stąporków
22%
1 Wągry
22%
14 Błaszki
19%
131 Chorzew Siemkowice
19%
1 Dąbrowice Skierniewickie
19%
1 Gorzkowice
19%
8 Kielce Piaski
19%
272 Poznań Dębina
19%
272 Poznań Starołęka
19%
22 Tomaszów Mazowiecki Białobrzegi
19%
8 Tumlin
19%
22 Wolanów
19%
8 Zagnańsk
19%
16 Chociszew
17%
1 Częstochowa Aniołów
17%
15 Domaniewice
17%
15 Domaniewice Centrum
17%
15 Glinnik
17%
15 Glinnik Wieś
17%
16 Grotniki
17%
14 Izabelów
17%
25 Jeleń
17%
1 Moszczenica
17%
22 Radom Potkanów
17%
131 Rusiec Łódzki
17%
25 Skrzynki
17%
15 Smardzew
17%
25 Wąsosz Konecki
17%
22 Wieniawa
17%
22 Chrosnów
14%
1 Chrusty Nowe
14%
15 Głowno Północne
14%
16 Jedlicze koło Zgierza
14%
22 Kosów
14%
1 Krosnowa
14%
272 Poznań Krzesiny
14%
15 Swędów
14%
146 Ważne Młyny
14%
25 Wykno
14%
25 Zaosie
14%
131 Zduńska Wola Południowa
14%
14 Borszewice
11%
25 Bratków
11%
15 Bratoszewice
11%
3 Jackowice
11%
1 Jarosty
11%
8 Kostomłoty
11%
1 Łaznów
11%
11 Mokra
11%
16 Sierpów
11%
22 Skrzynno
11%
534 Słotwiny
11%
146 Stary Cykarzew
11%
8 Suchedniów Północny
11%
1 Wilkoszewice
11%
1 Wolbórka
11%
15 Zgierz Rudunki
11%
22 Zygmuntów
11%
146 Biała Szlachecka
8%
11 Bobrowniki
8%
22 Brzustów
8%
131 Chociw Łaski
8%
22 Dęba Opoczyńska
8%
1 Dobryszyce koło Radomska
8%
146 Dubidze
8%
146 Dubidze Kolonia
8%
16 Gawrony
8%
1 Gomunice
8%
1 Gorzędów
8%
131 Huta
8%
15 Kamień Łowicki
8%
22 Kończyce Radomskie
8%
25 Kornica
8%
131 Kozuby
8%
1 Luciążanka
8%
1 Milejów
8%
146 Mykanów
8%
3 Niedźwiada Łowicka
8%
11 Sierakowice Skierniewickie
8%
3 Złotniki Kutnowskie
8%
3 Zosinów
8%
22 Antoninów
6%
22 Bieliny Opoczyńskie
6%
146 Cykarzew Północny
6%
146 Nowa Brzeźnica
6%
22 Podbór
6%
22 Radzice
6%
14 Sędzice
6%
131 Siedlce Łaskie
6%
25 Słomianka
6%
22 Smogorzów Przysuski
6%
15 Stare Grudze
6%
146 Stary Broniszew
6%
25 Szadkowice
6%
8 Berezów
3%
25 Blizyn
3%
25 Brzask
3%
25 Czarniecka Góra
3%
25 Gilów
3%
8 Łączna
3%
25 Petrykozy
3%
146 Rząsawa
3%
25 Sitowa
3%
25 Sołtyków
3%
25 Tomaszówek
3%
25 Wólka Plebańska
3%
25 Ruda Białaczkowska
0%
3 Sklęczkl
0%
Nie znaleziono quizów pasujących do podanych kryteriów
Rozkład punktacji
Procent ludzi z każdym wynikiem
Percentyl według liczby udzielonych odpowiedzi
Twoja historia wyników
Nie rozwiązałeś tego quizu